|
|
|
|
| LEADER |
00937nam a2200253 a 4500 |
| 001 |
4396869 |
| 008 |
090525s1993 enka 001 0 eng d |
| 010 |
|
|
|a \\\92033323
|
| 020 |
|
|
|a 0521441862 (hardback)
|
| 020 |
|
|
|a 0521447011 (paperback)
|
| 040 |
|
|
|a DLC
|c DLC
|d DLC
|
| 082 |
0 |
0 |
|a 531/.32
|2 20
|
| 100 |
1 |
|
|a Main, Iain G.,
|d 1932-
|
| 245 |
1 |
0 |
|a Vibrations and waves in physics /
|c Iain G. Main.
|
| 250 |
|
|
|a 3rd ed.
|
| 260 |
|
|
|a Cambridge [England] ;
|a New York, NY, USA :
|b Cambridge University Press,
|c 1993.
|
| 300 |
|
|
|a xviii, 359 p. :
|b ill. ;
|c 24 cm.
|
| 504 |
|
|
|a Includes index.
|
| 541 |
1 |
|
|e 00012821
|
| 650 |
|
0 |
|a Vibration.
|
| 650 |
|
0 |
|a Waves.
|
| 852 |
4 |
|
|a Ayesha Abed Library
|j General shelf
|
| 999 |
|
|
|c 1056
|d 1056
|
| 952 |
|
|
|0 0
|1 0
|2 ddc
|4 0
|6 531_320000000000000_MAI
|7 0
|9 958
|a BRACUL
|b BRACUL
|c GEN
|d 2009-06-24
|g 0.00
|l 10
|m 13
|o 531.32 MAI
|p 3010012821
|r 2025-05-25
|s 2025-02-28
|t 1
|w 2009-06-24
|y BK
|x No price found in the accession register.
|